Datum a čas kvízu
43
Celkem bodů
Celkový počet nahraných bodů na tomto kvízu bez doplňovacích otázek.
2.
Pořadí na kvízu
Konečné umístění týmu na tomto kvízu.
Zaznamenané odpovědi
| # | Otázka | Odpověď | Body | Výsledky |
|---|---|---|---|---|
| 1. | V Klatovech se v rámci nadcház... | A | 1 | |
| 2. | Parlament kterého tichomořskéh... | A | 1 | |
| 3. | Komu bude věnován letošní ročn... | Václavu Havlovi | 1 | |
| 4. | Německý soud rozhodl, že potra... | Milku | 1 | |
| 5. | Minulý týden bylo oznámeno, pr... | o Kosovo | 0 | |
| 6. | Vítězné téma facebookového hla... | 36 týmů | 1 | |
| 7. | Ve kterých třech jazycích je s... | angličtina, francouzština, němčina | 0.5 | |
| 8. | Pokud budeme počítat i předchů... | C | 1 | |
| 9. | Ve finále v roce 2012 zaznamen... | Petr Čech | 1 | |
| 10. | Historicky nejlepšími střelci... | Robert Lewandowski | 1 |